000 00384nam a2200157Ia 4500
008 180921t2017 xxu||||| |||| 00| 0 eng d
041 _aeng
080 _a301
_bATH
100 _aAthapattu,T.B.
245 _aEpigraphies in the North Western Zone
260 _bGodage
_aColombo
_c2017
300 _b136p, 21cm
942 _cBK
999 _c628
_d628
003 LK-CoDNM
040 _aLK-CoDNM
_dLK-CoDNM
_eLK-CoDNM